000 01005nam a2200241 4500
001 122680
003 ES-MaACL
005 20251114063115.0
007 t|
008 070214s1951 sp r ||||1| spa d
100 1 _aPuig Brutau, José,
_d1909-2003
_994254
245 1 0 _aEstudios de Derecho comparado
_b: la doctrina de los actos propios /
_cJosé Puig Brutau ; prólogo de Ramón Mª Roca Sastre.
260 _aBarcelona :
_bAriel,
_c1951.
300 _a136 p. ;
_c24 cm.
510 _aCCPB,
_c001351150-5.
650 7 _aDerecho
_2embne
_911602
700 1 _aRoca Sastre, Ramón María,
_d1899-1979
_998011
852 _aES-MaACL
_jD-6390
_bR.31724
_bR.M.5985
_cSVI
_fSello en tinta azul de la Biblioteca del Ateneo de Madrid.
_gAnotación manuscrita a lápiz en cubierta: "9".
_z"11.MAR.1952"
_9127233
942 _2udc
_cMONOGRAFIA
999 _c122680
_d122680